| 000 | 00528nam a2200193 a 4500 | ||
|---|---|---|---|
| 005 | 20210223125536.0 | ||
| 008 | 041122s2000 mx r 000 0 spa d | ||
| 020 | _a970654674X | ||
| 035 | _aUPN01000136481 | ||
| 049 | _aCG | ||
| 050 | 4 |
_aQP702 G5.77 _bR6.5 |
|
| 100 | 1 | _aRosado, Adolfo | |
| 245 | 1 | 0 |
_aIntroducción a la glicobiología / _cAdolfo Rosado. |
| 260 |
_aMéxico : _bUAM, Departamento de biología, _c2000. |
||
| 300 | _a380 p. | ||
| 650 | 4 | _aGLICOCONJUGADOS | |
| 650 | 4 |
_aCARBOHIDRATOS _96855 |
|
| 905 | _aLibro | ||
| 999 |
_c108632 _d108632 |
||